|
|
|
|
| LEADER |
00000nam a2200000 a 4500 |
| 001 |
UCO2021 |
| 003 |
CL-VaPUC |
| 008 |
000602e19710000CL |||||||||||||||||spa|d |
| 082 |
0 |
4 |
|a 923.2
|b LAF
|2 21
|
| 100 |
|
|
|a Lafertte, Elías
|d author
|e author
|9 443815
|
| 245 |
1 |
0 |
|a Vida de un comunista, páginas autobiográficas
|
| 250 |
|
|
|a 2a. ed
|
| 300 |
|
|
|a 356 p
|
| 942 |
|
|
|c BK
|
| 945 |
|
|
|d 20000602 00:00:00
|a crobeson
|
| 260 |
|
|
|a Santiago
|b Austral
|c 1971
|
| 650 |
|
0 |
|a Autobiografías
|9 265171
|
| 650 |
|
0 |
|a Políticos
|9 256302
|
| 651 |
|
7 |
|a CHILE
|2 CL-VaPUC
|9 444678
|
| 583 |
|
|
|a last modification
|c 20000602 00:00:00
|k Rodrigo Vera
|
| 999 |
|
|
|c 288566
|d 288564
|
| 952 |
|
|
|0 0
|1 0
|4 0
|6 923_200000000000000_LAF_1971
|7 0
|8 A
|9 336329
|a BIBHIS
|b BIBHIS
|d 2019-11-20
|i 1277510
|o 923.2 LAF 1971
|p 1277510
|r 2025-01-20
|w 2019-11-20
|y BK
|k HIS
|